[Event "2BLW 2223 SV Oberursel - SG Porz"]
[Site "?"]
[Date "2023.02.05"]
[Round "6.5"]
[White "Korotkjevich, Stanislav"]
[Black "Weber, Samuel"]
[Result "0-1"]
[WhiteElo "2369"]
[BlackElo "2282"]
[PlyCount "148"]
[EventDate "2023.??.??"]

1. d4 Nf6 2. Nf3 e6 3. e3 b6 4. Bd3 Bb7 5. O-O Be7 6. Nbd2 d5 7. c4 Nbd7 8. Qc2 O-O 9. b3 c5 10. Bb2 cxd4 11. exd4 Rc8 12. Rfe1 h6 13. Rad1 Qc7 14. h3 Rfd8 15. Qb1 Qb8 16. Re3 Qa8 17. Nf1 Ne4 18. cxd5 exd5 19. Ng3 Ndf6 20. Ne5 Bf8 21. Ne2 Rc7 22. f3 Nd6 23. Rc1 Rxc1+ 24. Qxc1 Qc8 25. Bc2 Ba6 26. Nf4 g5 27. Ne2 Bxe2 28. Rxe2 Qa6 29. Qe3 Qxa2 30. h4 g4 31. Qf4 Bg7 32. Nxg4 Nxg4 33. Qxg4 Re8 34. f4 Qxb2 35. Bh7+ Kxh7 36. Rxb2 Bxd4+ 37. Kh2 Bxb2 38. Qd7 Re6 39. f5 Nxf5 40. Qxf7+ Ng7 41. Qxa7 h5 42. Qd7 Be5+ 43. g3 d4 44. Qd5 Bf6 45. Kg2 Re3 46. Qd6 Re6 47. Qd5 Kg6 48. Kf2 Re5 49. Qd6 b5 50. b4 Nf5 51. Qd7 Ne3 52. Kf3 Nc4 53. g4 hxg4+ 54. Qxg4+ Kh7 55. h5 Nd2+ 56. Kf2 Ne4+ 57. Kf1 Ng5 58. Qf4 Bg7 59. Qg4 Kh6 60. Qd7 Bf6 61. Qc6 Rf5+ 62. Ke2 Kxh5 63. Qe8+ Kh6 64. Qf8+ Kh7 65. Qa8 Re5+ 66. Kd2 Kg7 67. Qb7+ Kg6 68. Qa8 Ne4+ 69. Kd3 Nd6 70. Qg2+ Kf7 71. Qa2+ Nc4 72. Qa7+ Re7 73. Qc5 Re3+ 74. Kc2 Rc3+ 0-1

[Event "2BLW 2223 SV Oberursel - SG Porz"]
[Site "?"]
[Date "2023.02.05"]
[Round "6.6"]
[White "Dolzhykova, Kateryna"]
[Black "Malykin, Vitaly"]
[Result "1-0"]
[WhiteElo "2275"]
[BlackElo "2334"]
[PlyCount "47"]
[EventDate "2023.??.??"]

1. e4 g6 2. d4 Bg7 3. Nc3 d6 4. Be3 a6 5. g4 Nf6 6. g5 Ng4 7. Bf4 c5 8. dxc5 Qa5 9. Bh3 Bxc3+ 10. bxc3 Qxc3+ 11. Kf1 Nxf2 12. Kxf2 Bxh3 13. Be3 Nc6 14. Nxh3 dxc5 15. Qd3 Qa5 16. Nf4 O-O 17. Nd5 Rad8 18. Rhd1 f5 19. gxf6 e6 20. Bh6 exd5 21. Bxf8 Kxf8 22. Qh3 h5 23. Qe3 Kf7 24. exd5 1-0

[Event "2BLW 2223 SV Oberursel - SG Porz"]
[Site "?"]
[Date "2023.02.05"]
[Round "6.7"]
[White "Pauly, Carlo"]
[Black "Chandler, Patrick"]
[Result "1-0"]
[WhiteElo "2308"]
[BlackElo "2141"]
[PlyCount "75"]
[EventDate "2023.??.??"]

1. d4 Nf6 2. c4 e6 3. Nc3 Bb4 4. Qc2 c5 5. dxc5 Nc6 6. Nf3 Bxc5 7. Bf4 d5 8. e3 Qa5 9. Rd1 Bb4 10. Bd3 dxc4 11. Bxc4 a6 12. O-O Bxc3 13. bxc3 O-O 14. Bb3 h6 15. Rd6 Qh5 16. Qd1 Ne4 17. Rd3 Nc5 18. Bd6 Re8 19. Bxc5 Qxc5 20. e4 b5 21. Nd4 Na5 22. Rg3 Nxb3 23. axb3 Bb7 24. Qg4 Qg5 25. Qh3 Qf6 26. e5 Qxe5 27. Qh4 Kf8 28. f4 Qf6 29. Qg4 Rac8 30. f5 e5 31. Ne6+ fxe6 32. fxe6 Qxf1+ 33. Kxf1 Rc7 34. Qf5+ Kg8 35. Qxe5 Rce7 36. Re3 Bc8 37. Qd6 Bxe6 38. Kg1 1-0

[Event "2BLW 2223 SV Oberursel - SG Porz"]
[Site "?"]
[Date "2023.02.05"]
[Round "6.8"]
[White "Papadopoulos, Ioannis"]
[Black "Gluma, Christian"]
[Result "0-1"]
[WhiteElo "2142"]
[BlackElo "2111"]
[PlyCount "114"]
[EventDate "2023.??.??"]

1. e4 e6 2. d4 d5 3. Nd2 c5 4. exd5 Qxd5 5. Ngf3 cxd4 6. Bc4 Qd6 7. O-O Nf6 8. Nb3 Nc6 9. Nbxd4 Nxd4 10. Nxd4 a6 11. Re1 Qc7 12. Bb3 Bd6 13. h3 O-O 14. Bg5 Be5 15. c3 h6 16. Nf3 Bd6 17. Bxf6 gxf6 18. Re4 Rd8 19. Nd4 f5 20. Rh4 Bf4 21. Qf3 Bg5 22. Rh5 Qf4 23. g3 Qxf3 24. Nxf3 Bf6 25. g4 Kg7 26. gxf5 exf5 27. Kh2 Be6 28. Rg1+ Kh7 29. Bc2 Rd5 30. c4 Rc5 31. b3 Re8 32. Ng5+ Bxg5 33. Rgxg5 f6 34. Bxf5+ Bxf5 35. Rxf5 Rxf5 36. Rxf5 Kg6 37. Rf3 Re5 38. Kg2 a5 39. Re3 Kf5 40. Rxe5+ Kxe5 41. Kf3 Kd4 42. Ke2 Kc3 43. f4 a4 44. bxa4 Kxc4 45. Ke3 f5 46. a5 h5 47. h4 Kc3 48. a3 Kc4 49. Kd2 Kd4 50. a4 Ke4 51. Kc3 Kxf4 52. Kd4 Kg3 53. Kc5 f4 54. Kb6 f3 55. Kxb7 f2 56. a6 f1=Q 57. a5 Qb5+ 0-1

[Event "2BLW 2223 SC Heimbach-Weis-Neuwied - SV"]
[Site "?"]
[Date "2023.02.05"]
[Round "6.1"]
[White "Wiedenkeller, Michael"]
[Black "Livaic, Leon"]
[Result "0-1"]
[WhiteElo "2431"]
[BlackElo "2571"]
[PlyCount "92"]
[EventDate "2023.??.??"]

1. d4 e6 2. e4 d5 3. exd5 exd5 4. Nf3 Bd6 5. c4 Nf6 6. c5 Be7 7. Bd3 O-O 8. O-O Nc6 9. Nc3 Bg4 10. Be3 Qd7 11. h3 Bh5 12. a3 Rae8 13. Be2 Bd8 14. Re1 Ne4 15. Qb3 Nxc3 16. Qxc3 Qc8 17. b4 Bf6 18. b5 Nd8 19. Ne5 Bxe2 20. Rxe2 Bxe5 21. dxe5 c6 22. a4 Qf5 23. Bd4 Ne6 24. Re3 Re7 25. Qb2 Rfe8 26. Bc3 Qf4 27. g3 Qf5 28. Kg2 h5 29. Rae1 cxb5 30. Rf3 Qg6 31. Qxb5 Rc8 32. Qb3 d4 33. Bb4 Rd7 34. Rc1 d3 35. Rd1 Rcd8 36. Re3 Nd4 37. Qc4 Qc6+ 38. f3 Nc2 39. Rexd3 Rxd3 40. Rxd3 Rxd3 41. Qxd3 Nxb4 42. Qd8+ Kh7 43. Qh4 Qxc5 44. Qxh5+ Kg8 45. h4 Qc2+ 46. Kh3 Qg6 0-1

[Event "2BLW 2223 SC Heimbach-Weis-Neuwied - SV"]
[Site "?"]
[Date "2023.02.05"]
[Round "6.2"]
[White "Kraus, Tomas"]
[Black "Seul, Georg"]
[Result "1/2-1/2"]
[WhiteElo "2483"]
[BlackElo "2350"]
[PlyCount "45"]
[EventDate "2023.??.??"]

1. d4 Nf6 2. Nf3 e6 3. Bf4 c5 4. e3 cxd4 5. exd4 b6 6. Nbd2 Be7 7. h3 O-O 8. c3 Ba6 9. Bxa6 Nxa6 10. O-O Nc7 11. a4 d6 12. Bh2 Qd7 13. Qb3 Rfc8 14. Rfe1 a6 15. Nc4 Ncd5 16. Na3 Nc7 17. Nc4 Ncd5 18. Nfd2 b5 19. Ne3 Rcb8 20. Nxd5 Nxd5 21. axb5 axb5 22. Nf1 Qc6 23. Bg3 1/2-1/2

[Event "2BLW 2223 SC Heimbach-Weis-Neuwied - SV"]
[Site "?"]
[Date "2023.02.05"]
[Round "6.3"]
[White "Hammes, Michael"]
[Black "Tica, Sven"]
[Result "1/2-1/2"]
[WhiteElo "2343"]
[BlackElo "2440"]
[PlyCount "106"]
[EventDate "2023.??.??"]

1. d4 d5 2. c4 e6 3. Nc3 Nf6 4. cxd5 exd5 5. Bg5 Be7 6. e3 O-O 7. Bd3 Re8 8. Qc2 h6 9. Bh4 c5 10. Nge2 Nc6 11. a3 c4 12. Bf5 Bxf5 13. Qxf5 g6 14. Qc2 Qd7 15. O-O Rab8 16. Rad1 b5 17. Bg3 Bd6 18. Nf4 Kg7 19. Rfe1 b4 20. Na4 bxa3 21. bxa3 Bxa3 22. Nc5 Qe7 23. Nxd5 Nxd5 24. Bxb8 Rxb8 25. Qxc4 Nf6 26. Nd3 Rb6 27. e4 Bb4 28. Re3 Na5 29. Qa2 Bc3 30. e5 Ng4 31. Rf3 Nc6 32. Rf4 h5 33. h3 Nh6 34. Qc4 Bxd4 35. Rxd4 Nxd4 36. Qxd4 Nf5 37. Qc3 Rb5 38. Ra1 Kh7 39. Qc4 Rb7 40. Ra6 Rc7 41. Qe4 Rd7 42. Ne1 Rd4 43. Qe2 Rd5 44. Nf3 Nd4 45. Nxd4 Rxd4 46. Qe3 Rd7 47. e6 fxe6 48. Rxe6 Qf7 49. Ra6 Rb7 50. Qe4 Re7 51. Qd4 Rd7 52. Qe4 Re7 53. Qd4 Rd7 1/2-1/2

[Event "2BLW 2223 SC Heimbach-Weis-Neuwied - SV"]
[Site "?"]
[Date "2023.02.05"]
[Round "6.4"]
[White "Winterberg, Lukas"]
[Black "Doncevic, Dario"]
[Result "1-0"]
[WhiteElo "2402"]
[BlackElo "2222"]
[PlyCount "63"]
[EventDate "2023.??.??"]

1. d4 Nf6 2. Nf3 g6 3. c4 Bg7 4. Nc3 d5 5. cxd5 Nxd5 6. e4 Nxc3 7. bxc3 c5 8. Bb5+ Nc6 9. Rb1 O-O 10. d5 Ne5 11. O-O Nxf3+ 12. Qxf3 f5 13. Bd3 fxe4 14. Qxe4 Bf5 15. Qe2 b6 16. Bxf5 Rxf5 17. c4 Qd6 18. Bb2 e6 19. Bxg7 Kxg7 20. dxe6 Re8 21. Rfe1 Rf6 22. Qb2 Rexe6 23. Rbd1 Kg8 24. Rf1 Qe7 25. g3 Re2 26. Qa1 Rfe6 27. a4 Rc2 28. a5 Ree2 29. axb6 axb6 30. Qa8+ Kg7 31. Qc6 Qf6 32. Rd6 1-0

[Event "2BLW 2223 SC Heimbach-Weis-Neuwied - SV"]
[Site "?"]
[Date "2023.02.05"]
[Round "6.5"]
[White "Wolf, Volker"]
[Black "Krejci, Jan"]
[Result "1/2-1/2"]
[WhiteElo "2232"]
[BlackElo "2516"]
[PlyCount "102"]
[EventDate "2023.??.??"]

1. e4 c5 2. Nf3 e6 3. b3 a6 4. Bb2 Nc6 5. g3 d5 6. exd5 exd5 7. Bg2 Qe7+ 8. Qe2 d4 9. Qxe7+ Bxe7 10. O-O Be6 11. Na3 Nf6 12. Rfe1 Nd7 13. c3 d3 14. Re3 O-O-O 15. Rxd3 Bf6 16. Re3 Nb6 17. Nc2 c4 18. Ncd4 Nxd4 19. Nxd4 Bxd4 20. cxd4 cxb3 21. axb3 Nd5 22. Re5 Rd7 23. Rb1 Rhd8 24. Bc3 Kb8 25. f4 g6 26. Bxd5 Bxd5 27. Kf2 b6 28. b4 Kb7 29. Ra1 f6 30. Re3 g5 31. f5 h5 32. h3 g4 33. h4 Bc4 34. Rae1 Rd5 35. Re7+ Kc8 36. Ra7 Rxf5+ 37. Kg1 Rfd5 38. Ree7 R5d7 39. Raxd7 Rxd7 40. Rxd7 Kxd7 41. Kf2 Ke6 42. d5+ Bxd5 43. Bd4 a5 44. bxa5 bxa5 45. Ke2 a4 46. Kd3 f5 47. Be3 a3 48. Kc2 a2 49. Kb2 Ke5 50. Ka1 Ke4 51. Bf4 Kf3 1/2-1/2

[Event "2BLW 2223 SC Heimbach-Weis-Neuwied - SV"]
[Site "?"]
[Date "2023.02.05"]
[Round "6.6"]
[White "Polak, Tomas"]
[Black "Stewart, Neil"]
[Result "1/2-1/2"]
[WhiteElo "2506"]
[BlackElo "2236"]
[PlyCount "93"]
[EventDate "2023.??.??"]

1. d4 d5 2. c4 dxc4 3. e4 Nf6 4. e5 Nd5 5. Bxc4 Bf5 6. Ne2 e6 7. a3 Nc6 8. Nbc3 Nb6 9. Ba2 Qd7 10. Be3 O-O-O 11. O-O h5 12. Qc1 h4 13. h3 f6 14. Rd1 Qf7 15. b4 Rg8 16. b5 Na5 17. f3 Nac4 18. Bxc4 Nxc4 19. Bf2 fxe5 20. dxe5 Be7 21. Nd4 Nxe5 22. Qe3 Nc4 23. Qe2 Nb6 24. Nc6 Rd6 25. Nxa7+ Kb8 26. Nc6+ bxc6 27. Rxd6 Bxd6 28. bxc6 e5 29. Rb1 Kc8 30. Qa6+ Kd8 31. Rd1 Nc8 32. Bxh4+ g5 33. Bg3 Re8 34. Nd5 Be6 35. Qb5 Bxd5 36. Rxd5 Qf6 37. Qd3 Nb6 38. Rb5 Nc8 39. a4 Qe6 40. Rxe5 Qf6 41. Re4 Rxe4 42. fxe4 Ke8 43. e5 Bc5+ 44. Kh2 Qxc6 45. Qf5 Ne7 46. Qxg5 Qxa4 47. Qh5+ 1/2-1/2

[Event "2BLW 2223 SC Heimbach-Weis-Neuwied - SV"]
[Site "?"]
[Date "2023.02.05"]
[Round "6.7"]
[White "Steinacker, Alex"]
[Black "Ronge, Tim"]
[Result "1-0"]
[WhiteElo "2273"]
[BlackElo "2288"]
[PlyCount "35"]
[EventDate "2023.??.??"]

1. g3 Nf6 2. Bg2 d5 3. Nf3 g6 4. O-O Bg7 5. d3 O-O 6. Nbd2 Nc6 7. e4 dxe4 8. dxe4 Nd7 9. Qe2 b6 10. e5 Nc5 11. b3 a5 12. Ba3 Nb4 13. Rfd1 Ba6 14. Nc4 Qc8 15. c3 Nbd3 16. Qe3 Bxc4 17. bxc4 Rd8 18. Rd2 1-0

[Event "2BLW 2223 SC Heimbach-Weis-Neuwied - SV"]
[Site "?"]
[Date "2023.02.05"]
[Round "6.8"]
[White "Boidman, Yuri"]
[Black "Petersen, Henrik"]
[Result "1-0"]
[WhiteElo "2299"]
[BlackElo "2133"]
[PlyCount "65"]
[EventDate "2023.??.??"]

1. e4 c6 2. c4 d5 3. cxd5 cxd5 4. exd5 Nf6 5. Qa4+ Nbd7 6. Nc3 g6 7. Nf3 Bg7 8. Bc4 O-O 9. d3 a6 10. Qa3 b6 11. O-O Bb7 12. Re1 Re8 13. Ng5 b5 14. Bb3 Rc8 15. d6 e6 16. Be3 Ng4 17. Nge4 Nxe3 18. Rxe3 Qb6 19. Qb4 Qd4 20. a3 Red8 21. Rae1 h6 22. h4 Qxb4 23. axb4 Nb8 24. Nc5 Ba8 25. Nxe6 fxe6 26. Bxe6+ Kf8 27. Bxc8 Rxc8 28. Re7 Bf6 29. d7 Rd8 30. Re8+ Kf7 31. Rxd8 Bxd8 32. Re8 Nc6 33. d4 1-0

[Event "2BLW 2223 Düsseldorfer SK - SC Siegbur"]
[Site "?"]
[Date "2023.02.05"]
[Round "6.1"]
[White "Kovchan, Alexander"]
[Black "Berelowitsch, Alexander"]
[Result "1/2-1/2"]
[WhiteElo "2444"]
[BlackElo "2497"]
[PlyCount "27"]
[EventDate "2023.??.??"]

1. e4 e6 2. d4 d5 3. Nd2 c5 4. exd5 exd5 5. Ngf3 Nf6 6. Bb5+ Bd7 7. Bxd7+ Nbxd7 8. O-O Be7 9. dxc5 Nxc5 10. Nb3 Nce4 11. Nbd4 Qc7 12. Nh4 O-O 13. Nhf5 Bc5 14. c3 1/2-1/2

[Event "2BLW 2223 Düsseldorfer SK - SC Siegbur"]
[Site "?"]
[Date "2023.02.05"]
[Round "6.3"]
[White "Hoffmann, Michael"]
[Black "Levin, Felix"]
[Result "1/2-1/2"]
[WhiteElo "2420"]
[BlackElo "2449"]
[PlyCount "39"]
[EventDate "2023.??.??"]

1. e4 e5 2. Nf3 Nc6 3. Bb5 Nf6 4. O-O Nxe4 5. Re1 Nd6 6. Nxe5 Be7 7. Bf1 Nf5 8. Nf3 O-O 9. d4 d5 10. Nc3 Nh4 11. Nxh4 Bxh4 12. Ne2 Be7 13. Nf4 Bd6 14. Nxd5 Qh4 15. Bf4 Bxf4 16. g3 Qd8 17. Nxf4 Nxd4 18. c3 Ne6 19. Qxd8 Rxd8 20. Rad1 1/2-1/2

[Event "2BLW 2223 Düsseldorfer SK - SC Siegbur"]
[Site "?"]
[Date "2023.02.05"]
[Round "6.4"]
[White "Andersson, Ulf"]
[Black "Omelja, Artem"]
[Result "1/2-1/2"]
[WhiteElo "2522"]
[BlackElo "2437"]
[PlyCount "154"]
[EventDate "2023.??.??"]

1. Nf3 d5 2. d4 Nf6 3. c4 e6 4. g3 Bb4+ 5. Bd2 Be7 6. Bg2 O-O 7. O-O c6 8. Qb3 Nbd7 9. Bb4 b6 10. Bxe7 Qxe7 11. Nc3 Bb7 12. Rfd1 Rfd8 13. Rac1 c5 14. cxd5 Nxd5 15. Nxd5 Bxd5 16. Qa3 a5 17. Ne1 Bxg2 18. Nxg2 Kf8 19. Qb3 Rac8 20. dxc5 Rxc5 21. Ne3 Rxc1 22. Rxc1 Qb4 23. Qc2 Nf6 24. a3 Qd6 25. Qb3 Rb8 26. Qb5 Ne4 27. Rd1 Qc5 28. Qd3 Nf6 29. Rd2 b5 30. Rc2 Qb6 31. Rc3 b4 32. Rc4 bxa3 33. Qxa3+ Kg8 34. Qc3 h6 35. Rc8+ Rxc8 36. Qxc8+ Kh7 37. Qc2+ Kg8 38. Qc8+ Kh7 39. Qc2+ Kg8 40. b3 Qd4 41. Qc8+ Kh7 42. Qc4 Qe4 43. Qd3 Qxd3 44. exd3 Nd7 45. Nc4 Nc5 46. Nxa5 Nxd3 47. Kf1 Nb4 48. Ke2 Kg6 49. Nc4 f6 50. Ne3 Kf7 51. Kd2 Ke7 52. Kc3 Nc6 53. b4 Kd6 54. b5 Ne5 55. f4 Nd7 56. Kd4 e5+ 57. fxe5+ fxe5+ 58. Kc4 g6 59. Nd5 h5 60. h3 Nc5 61. Nf6 e4 62. Kd4 Ne6+ 63. Kxe4 Ng5+ 64. Kd4 Nxh3 65. Ne4+ Kc7 66. Kc5 Ng1 67. b6+ Kb8 68. Kb5 Nf3 69. Nc5 Ne5 70. Ka6 g5 71. b7 h4 72. gxh4 gxh4 73. Kb6 Nc4+ 74. Ka6 Ne5 75. Kb6 Nc4+ 76. Ka6 Ne5 77. Kb6 Nc4+ 1/2-1/2

[Event "2BLW 2223 Düsseldorfer SK - SC Siegbur"]
[Site "?"]
[Date "2023.02.05"]
[Round "6.5"]
[White "Zavgorodniy, Sergiy"]
[Black "Sorensen, Hampus"]
[Result "1-0"]
[WhiteElo "2406"]
[BlackElo "2445"]
[PlyCount "147"]
[EventDate "2023.??.??"]

1. e4 c5 2. Nf3 d6 3. g3 Nf6 4. Qe2 e5 5. Bg2 g6 6. c3 Bg7 7. O-O O-O 8. a3 b6 9. d3 Bb7 10. c4 Nc6 11. Nc3 Ne8 12. b4 cxb4 13. axb4 Nxb4 14. Ba3 Na6 15. Rfb1 Nec7 16. Bc1 Nc5 17. h4 h5 18. Bh3 Bc8 19. Bxc8 Qxc8 20. Kg2 Qd7 21. Be3 Rfb8 22. Ra2 a6 23. Rab2 Qc6 24. Ne1 b5 25. Nc2 Qe8 26. cxb5 axb5 27. Nb4 N5e6 28. Ncd5 Rb7 29. Rc2 Nxd5 30. Nxd5 Kh8 31. g4 hxg4 32. Qxg4 f5 33. exf5 gxf5 34. Qxf5 Rf7 35. Qe4 Rb8 36. Rbc1 Qd7 37. Ra2 Nf4+ 38. Bxf4 exf4 39. Qf3 Qf5 40. Rg1 Rg8 41. Kf1 Be5 42. Rxg8+ Kxg8 43. Ra8+ Kg7 44. Ra5 Kh7 45. Rxb5 Ra7 46. Rb1 Ra3 47. Rd1 Ra4 48. Ne7 Qf7 49. Nc6 Bg7 50. Re1 Qf6 51. Ne7 Ra5 52. Qe4+ Kh8 53. Rb1 Ra1 54. Rxa1 Qxa1+ 55. Kg2 Qf6 56. Nf5 Qg6+ 57. Kf1 Qg4 58. d4 Qh3+ 59. Kg1 Qg4+ 60. Kh2 Bf8 61. f3 Qg8 62. Qxf4 Qa2+ 63. Kh3 Qe6 64. Qe4 Qf6 65. Ne3 Bg7 66. Qe8+ Kh7 67. Qh5+ Kg8 68. Nf5 Bf8 69. Qg5+ Kf7 70. Qxf6+ Kxf6 71. Kg4 d5 72. h5 Ba3 73. h6 Kg6 74. Kf4 1-0

[Event "2BLW 2223 Düsseldorfer SK - SC Siegbur"]
[Site "?"]
[Date "2023.02.05"]
[Round "6.6"]
[White "Jogstad, Martin"]
[Black "Roshka, Yevgeniy"]
[Result "1/2-1/2"]
[WhiteElo "2402"]
[BlackElo "2503"]
[PlyCount "96"]
[EventDate "2023.??.??"]

1. d4 Nf6 2. c4 e6 3. Nc3 Bb4 4. a3 Bxc3+ 5. bxc3 d5 6. e3 O-O 7. cxd5 exd5 8. Bd3 c5 9. Ne2 b6 10. a4 Ba6 11. Ba3 Bxd3 12. Qxd3 Nbd7 13. O-O Re8 14. Ng3 Ne4 15. Nxe4 dxe4 16. Qe2 Qc7 17. a5 Re6 18. Qc4 Rc8 19. axb6 axb6 20. dxc5 bxc5 21. Rfd1 Nf6 22. h3 h6 23. Qa4 Qb7 24. c4 Ra6 25. Qc2 Rca8 26. Bb2 Ra2 27. Qc3 Rxa1 28. Bxa1 Qc7 29. Qc2 Re8 30. Bxf6 gxf6 31. Qd2 Qe5 32. Qd5 Kg7 33. Qxe5 Rxe5 34. Rd8 h5 35. Kh2 Rf5 36. Rd2 Kg6 37. g4 hxg4 38. hxg4 Rf3 39. Kg2 f5 40. Rd6+ f6 41. Re6 fxg4 42. Rxe4 Kg5 43. Re8 Rf5 44. Rg8+ Kh5 45. Kg3 Rf3+ 46. Kg2 Rf5 47. Kg3 Rf3+ 48. Kg2 Rf5 1/2-1/2

[Event "2BLW 2223 Düsseldorfer SK - SC Siegbur"]
[Site "?"]
[Date "2023.02.05"]
[Round "6.7"]
[White "Albrecht, Oliver"]
[Black "De Gleria, Francesco"]
[Result "0-1"]
[WhiteElo "2178"]
[BlackElo "2370"]
[PlyCount "152"]
[EventDate "2023.??.??"]

1. Nf3 c5 2. c4 Nf6 3. Nc3 g6 4. g3 b6 5. Bg2 Bb7 6. O-O Bg7 7. b3 O-O 8. Bb2 d6 9. d4 Na6 10. Qd2 cxd4 11. Nxd4 Bxg2 12. Kxg2 Qd7 13. e4 Nc5 14. f3 e6 15. Rad1 Rfd8 16. Nc2 a6 17. Qe2 Ne8 18. Ne3 b5 19. b4 Nb7 20. Nb1 Rac8 21. Bxg7 Kxg7 22. cxb5 Qxb5 23. Qxb5 axb5 24. Rd3 Ra8 25. a3 Rdc8 26. Rfd1 Rc6 27. Kf2 Rac8 28. g4 g5 29. Ke2 Nf6 30. Kd2 Nd7 31. Rc3 Ne5 32. Rxc6 Rxc6 33. Rf1 Ra6 34. Ke2 Nd8 35. Rd1 Rc6 36. Rd2 Kf6 37. Rc2 Ke7 38. Rxc6 Ndxc6 39. Nc2 d5 40. exd5 exd5 41. Ke3 Nc4+ 42. Kd3 N4e5+ 43. Ke3 Nc4+ 44. Kd3 Kd6 45. Nc3 Na7 46. Kd4 Nc6+ 47. Kd3 Na7 48. Kd4 Ne5 49. Ke3 f6 50. Ke2 Nc4 51. a4 bxa4 52. Nxa4 Nb5 53. Nc5 d4 54. Ne4+ Ke6 55. Ne1 h6 56. Nd3 Ne5 57. Ndc5+ Kd5 58. Nxf6+ Kc4 59. Nce4 Kxb4 60. f4 gxf4 61. Nd5+ Kb3 62. Nxf4 Nc3+ 63. Nxc3 dxc3 64. Ne6 Kb2 65. Nd4 Nxg4 66. h3 Ne5 67. Ke3 Nc6 68. Ne2 c2 69. Kd3 h5 70. Ke4 h4 71. Kd3 Nb4+ 72. Kd2 Na6 73. Kd3 Nc7 74. Ke4 Ne6 75. Ke3 Ng5 76. Kf4 Nxh3+ 0-1

[Event "2BLW 2223 Düsseldorfer SK - SC Siegbur"]
[Site "?"]
[Date "2023.02.05"]
[Round "6.8"]
[White "Agrest, Inna"]
[Black "Dzierzenga, Stefan"]
[Result "1-0"]
[WhiteElo "2266"]
[BlackElo "2202"]
[PlyCount "69"]
[EventDate "2023.??.??"]

1. e4 e6 2. d4 d5 3. Nc3 Bb4 4. a3 Bxc3+ 5. bxc3 dxe4 6. Qg4 Nf6 7. Qxg7 Rg8 8. Qh6 Bd7 9. Nh3 Rg6 10. Qd2 c5 11. a4 Qa5 12. Rb1 cxd4 13. cxd4 Qxd2+ 14. Bxd2 Nc6 15. c3 O-O-O 16. Nf4 Rgg8 17. Rb5 Ne7 18. Rc5+ Kb8 19. Be2 Rc8 20. Rxc8+ Kxc8 21. O-O Bc6 22. c4 Ng6 23. Nxg6 hxg6 24. Be3 a6 25. a5 Ne8 26. Rd1 Nc7 27. Bg5 f5 28. h4 Rf8 29. f3 f4 30. fxe4 Bxe4 31. Rf1 e5 32. dxe5 Ne6 33. Bf6 Bf5 34. Bf3 Nc5 35. Be7 1-0

[Event "2BLW 2223 SV Mülheim Nord II - SG Soli"]
[Site "?"]
[Date "2023.02.05"]
[Round "6.1"]
[White "Chanda, Sandipan"]
[Black "Buckels, Valentin"]
[Result "1-0"]
[WhiteElo "2453"]
[BlackElo "2431"]
[PlyCount "131"]
[EventDate "2023.??.??"]

1. d4 d5 2. Nf3 Nf6 3. Bf4 e6 4. e3 c5 5. Nbd2 Qb6 6. Rb1 Bd6 7. dxc5 Qxc5 8. Nb3 Qc7 9. Bxd6 Qxd6 10. c4 b6 11. cxd5 Qxd5 12. Qxd5 Nxd5 13. e4 Nf6 14. Nfd2 O-O 15. f3 Rd8 16. Rc1 Ba6 17. Kf2 Bxf1 18. Rhxf1 Na6 19. Ke3 e5 20. Nc4 Nd7 21. Rfd1 f6 22. Nd6 Ndc5 23. Nxc5 Nxc5 24. Nb5 Kf7 25. b4 Ne6 26. g3 a5 27. Rxd8 Nxd8 28. Rc7+ Kf8 29. a3 axb4 30. axb4 Ra4 31. Nd6 Rxb4 32. Rd7 Rb3+ 33. Kf2 Rb2+ 34. Ke1 Rb1+ 35. Kd2 Rb2+ 36. Kc3 Rxh2 37. Rxd8+ Ke7 38. Nb7 Rh3 39. Kd3 Rxg3 40. Ke3 Rg2 41. Rd1 Rc2 42. Nd6 Rc3+ 43. Ke2 g6 44. Nb5 Rb3 45. Nc7 h5 46. Nd5+ Kf7 47. Rc1 Rb2+ 48. Kf1 f5 49. Rc7+ Kf8 50. Re7 fxe4 51. fxe4 b5 52. Rxe5 b4 53. Nf4 b3 54. Rb5 g5 55. Ne6+ Ke7 56. Nxg5 h4 57. Nh3 Rb1+ 58. Kg2 b2 59. Nf2 Kd6 60. Kh3 Ke6 61. Rb4 Kd6 62. Kxh4 Ke6 63. Kh3 Kd6 64. Kg2 Ke6 65. Nd3 Kd6 66. Rxb2 1-0

[Event "2BLW 2223 SV Mülheim Nord II - SG Soli"]
[Site "?"]
[Date "2023.02.05"]
[Round "6.2"]
[White "Rezasade, Amir"]
[Black "Wegerle, Joerg"]
[Result "1/2-1/2"]
[WhiteElo "2361"]
[BlackElo "2414"]
[PlyCount "115"]
[EventDate "2023.??.??"]

1. Nf3 Nf6 2. g3 b6 3. Bg2 Bb7 4. O-O g6 5. d3 d5 6. c4 Bg7 7. Bg5 O-O 8. cxd5 Nxd5 9. Qd2 c5 10. Nc3 Nc6 11. Bh6 Nxc3 12. bxc3 Qd7 13. Bxg7 Kxg7 14. Qf4 f6 15. d4 cxd4 16. cxd4 Rad8 17. Rac1 Kh8 18. Qh6 Rg8 19. e3 Na5 20. Nh4 Bxg2 21. Nxg2 Rc8 22. Nf4 g5 23. Rxc8 Qxc8 24. Ng2 Nc4 25. Qh5 Qe6 26. Qe2 Rd8 27. Rd1 Nd6 28. d5 Qf5 29. f3 Rc8 30. e4 Qe5 31. Ne3 f5 32. exf5 Nxf5 33. Re1 Nd4 34. Qf2 Qf6 35. Rf1 h5 36. Kg2 Rf8 37. Qb2 Kg8 38. f4 Nf5 39. Qxf6 Nxe3+ 40. Kf3 Rxf6 41. Kxe3 b5 42. Kd4 Ra6 43. Rf2 gxf4 44. gxf4 Ra4+ 45. Ke5 Kf7 46. f5 Rg4 47. Rc2 Rg1 48. Rc7 Re1+ 49. Kf4 Kf6 50. Rc6+ Kf7 51. d6 exd6 52. Rxd6 a5 53. Ra6 a4 54. h4 Rg1 55. Ke5 Re1+ 56. Kf4 Rg1 57. Ke5 Re1+ 58. Kf4 1/2-1/2

[Event "2BLW 2223 SV Mülheim Nord II - SG Soli"]
[Site "?"]
[Date "2023.02.05"]
[Round "6.3"]
[White "Gaponenko, Inna"]
[Black "Van Osch, Mees"]
[Result "1-0"]
[WhiteElo "2341"]
[BlackElo "2374"]
[PlyCount "82"]
[EventDate "2023.??.??"]

1. e4 c5 2. Nf3 d6 3. d4 cxd4 4. Nxd4 Nf6 5. Nc3 a6 6. Be3 e5 7. Nb3 Be7 8. Qd2 O-O 9. O-O-O Be6 10. f4 Ng4 11. g3 Nxe3 12. Qxe3 b5 13. Kb1 Nc6 14. Nd5 Qb8 15. h4 a5 16. f5 Bxd5 17. exd5 Nd8 18. g4 Re8 19. Nd2 b4 20. g5 Bf8 21. Ne4 Nb7 22. f6 Nc5 23. fxg7 Bxg7 24. Bd3 Nxd3 25. Qxd3 Ra7 26. h5 Qd8 27. h6 Bh8 28. Rhg1 Kf8 29. Rdf1 Ke7 30. Qh3 Qc8 31. Qh4 Kf8 32. Nf6 e4 33. Nxh7+ Kg8 34. Nf6+ Bxf6 35. gxf6+ Kh8 36. Rg7 e3 37. Qg5 Rg8 38. Rxg8+ Qxg8 39. Qg7+ Qxg7 40. hxg7+ Kg8 41. Rh1 e2 1-0

[Event "2BLW 2223 SV Mülheim Nord II - SG Soli"]
[Site "?"]
[Date "2023.02.05"]
[Round "6.5"]
[White "Schaefer, Markus"]
[Black "Stillger, Bernhard"]
[Result "1/2-1/2"]
[WhiteElo "2353"]
[BlackElo "2289"]
[PlyCount "35"]
[EventDate "2023.??.??"]

1. e4 e5 2. Nf3 Nf6 3. Nxe5 d6 4. Nf3 Nxe4 5. c4 Nc6 6. d3 Nf6 7. d4 Be7 8. h3 O-O 9. Nc3 Re8 10. Be2 d5 11. O-O h6 12. Be3 Be6 13. b3 Bf8 14. c5 Ne4 15. Qc1 a6 16. Rd1 f5 17. Nxe4 fxe4 18. Nh2 1/2-1/2

[Event "2BLW 2223 SV Mülheim Nord II - SG Soli"]
[Site "?"]
[Date "2023.02.05"]
[Round "6.6"]
[White "Hoenig, Alexander"]
[Black "Berg, Michael"]
[Result "0-1"]
[WhiteElo "2200"]
[BlackElo "2323"]
[PlyCount "72"]
[EventDate "2023.??.??"]

1. d4 Nf6 2. Nf3 c5 3. c3 e6 4. Bf4 b6 5. e3 Bb7 6. Nbd2 Be7 7. h3 cxd4 8. cxd4 O-O 9. Bd3 d6 10. O-O Nbd7 11. Bh2 a6 12. Qe2 Re8 13. Rac1 Bf8 14. Nc4 Qb8 15. b4 e5 16. dxe5 dxe5 17. Qb2 Bxf3 18. gxf3 Qb7 19. Be2 Qd5 20. Rfd1 Qe6 21. Bf1 Rac8 22. a3 Rc6 23. Nd2 b5 24. Rxc6 Qxc6 25. Rc1 Qd5 26. Bg2 Nb6 27. Rc7 Rd8 28. Bxe5 Qxd2 29. Bxf6 Qe1+ 30. Kh2 Bd6+ 31. Be5 Nc4 32. Rxc4 bxc4 33. Bxd6 c3 34. Qc2 Rxd6 35. Qe4 Rd8 36. f4 Qd2 0-1

[Event "2BLW 2223 SV Mülheim Nord II - SG Soli"]
[Site "?"]
[Date "2023.02.05"]
[Round "6.7"]
[White "Wickenfeld, Stefan"]
[Black "Helmer, Christoph"]
[Result "1/2-1/2"]
[WhiteElo "2220"]
[BlackElo "2207"]
[PlyCount "48"]
[EventDate "2023.??.??"]

1. d4 Nf6 2. Nf3 e6 3. g3 d5 4. Bg2 Be7 5. O-O b5 6. a4 b4 7. c4 bxc3 8. Nxc3 O-O 9. Ne5 Bb7 10. Qb3 Qc8 11. Bf4 c5 12. dxc5 Na6 13. c6 Bxc6 14. Nxc6 Qxc6 15. Rfc1 Nc5 16. Qa2 Qb6 17. a5 Qb4 18. Bd2 Qb3 19. Be3 Qxa2 20. Rxa2 Nb3 21. Rd1 a6 22. Bb6 Rac8 23. e3 Bb4 24. Bf1 Nd7 1/2-1/2